| 000 | 00474ntaaa2200193 4500 | ||
|---|---|---|---|
| 003 | 01 | ||
| 005 | 20251027202833.0 | ||
| 008 | 0714s1973 ag 01 | ||
| 040 |
_aAR-BaBN _bspa _cAR-BaBN _eaacr _dRIC |
||
| 082 | _a268.6100 P85 | ||
| 100 |
_aPotter, James S _928976 |
||
| 245 | _aThe life and work | ||
| 250 | _a1 ed. | ||
| 260 |
_aNashville : _bConvention Press, _cc1967 |
||
| 300 | _a408 p | ||
| 650 |
_aescuela dominical _94648 |
||
| 700 |
_aOtros, _913169 |
||
| 942 | _cBK | ||
| 999 |
_c23772 _d23772 |
||